000 00321nam a2200133Ia 4500
008 240624s9999 xx 000 0 und d
041 _aeng
082 _a823 SUN
100 _aSUNDARESAN INDU
245 _aFEAST OF ROSES
260 _c2012
_aNew Delhi
_bHarperCollins
300 _a458 : p. : cm. ; 20
365 _cRS
_b25
999 _c18491
_d18491